01096nam0a22002651 4500001001100000005001700011021001900028035002600047100004100073101000800114102000700122105001800129200016400147210005200311215001500363225007500378300014500453606008600598700003000684701002800714701002400742801001800766801002200784852002400806rc\414882520250611110749.0 aRUb[54-32123] a(NLR Aleph) 008168337 a20130415d1954 |||y0rusy50 ca0 arus aRU ay z |||||1 aВыращивание махорки в передовом колхозе ["Путь к коммунизму" Петропавловского района] aБарнаулcАлт. кн. изд-воd1954 a36 с.d201 aПередовой опыт в сельском хозяйстве aПеред загл. авт.: И. Степаненко, С. Созоненко, С. Сгибнев. На обл. авт. не указаны aМахоркаxВозделываниеyАлтайский край2psbo 1aСтепаненкоbИ. 1aСозоненкоbС. 1aСгибневbС. 0aRUbNLRgpsbo 1aRUbELAR2rusmarc aNLRjС50 Г-4/3864